| 000 | 00475pab a2200145 454500 | ||
|---|---|---|---|
| 008 | 180718b xxu||||| |||| 00| 0 eng d | ||
| 100 | _aSikka Pawan | ||
| 245 | _aManagement of scientific institutions in India: a new model | ||
| 362 | _a31(51), 20 Dec 93, p.29-32 | ||
| 650 | _a Scientific Institutions -- India | ||
| 650 | _a National Science and Technology Commission -- India | ||
| 650 | _aTrade and Technical Schools - India | ||
| 773 | _aUniversity News | ||
| 909 | _a25985 | ||
| 999 |
_c25985 _d25985 |
||